• 首页
  • 本馆介绍
  • 公告通知
  • 最新文献
  • 馆藏检索
  • 电子资源
  • 读者导购
  • 参考咨询
  • 我的图书馆
  • 登录
  • 详细信息显示
  • 放入我的书架
  • 预约/预借图书
  • 作者相关作品
  • 分类相关作品
  • 丛书相关作品
  • 出版社相关作品

书目信息

  • 表格格式
  • 工作单格式
  • 卡片格式
书名: The fragility of goodness
作者:
分册号:
分册名:
出版地: NEW JERSY :
 
出版社: princeton university press
出版时间: 2001.
页数: 197 p. ;
开本: 23 cm. :
丛书名:
中图分类号:
科图分类号:
其他分类号: K544.8
主题词:
电子资源:
000 00651nam 2200217 a 4500
001 E0754909348
003 CatCD
005 20070711152142.42
008 uu
020    @a0-691-11564-8.
040    @cN5L
049    @aN5LA
090    @a2-2002/K544.8/T639//////1327489
090    @aK544.8
096    @aK544.8 @v4
099    @dK544.8@ex6
100 1  @aTodorov, Tzvetan.
245 14 @aThe fragility of goodness :@bwhy Bulgaria's Jews survived the holocaust
260    @aNEW JERSY :@bprinceton university press,@c2001.
300    @a197 p. ;@c23 cm. :@b00 ;@c20020930@lNLC09@h2256@lNLC09@h0055@lNLC09@h2053
852 9  @bWWJC @cJ09 @k2-2002 @hK544.8 @iT639
    
    The fragility of goodness : : why Bulgaria's Jews survived the holocaust.-NEW JERSY : : princeton university press, , 2001.
    197 p. ; ; 23 cm. : : 00 ; ; 20020930
    
    
    ISBN 0-691-11564-8.
    
●
相关链接 在E读中查询图书 在五车中查询图书 在当当中查询图书 在豆瓣中查询图书


正题名:fragility of goodness     索取号:K544.8/x6         预约/预借

序号 登录号 条形码 馆藏地/架位号 状态 备注
1 0011807   300118076   第二样本阅览室/ [索取号:K544.8/x6] 在馆    
唐山师范学院图书馆 欢迎您!
大连网信软件有限公司© 版权所有